00600nam a2200193 450000500170000001000150001702000270003203500140005903700090007308200150008210000170009724500880011425000060020226000580020827000590026630000230032570000300034870000280037820241001143122.0 aENG-141820 c1500.00a9789386235237 aEN-125352 bDBAD a618.07625 aRao, Bhaskar aClinical Gynecology/cBy Bhaskar Rao; Roy Choudhury's [and] Edited By S Rathnakumar a5 aHyderabadbUniversities Press (India) Pvt. Ltd.c2019 a3-6-747/A & 3-6-754/1, HimayatnagarbHyderabade500029 avi,402p.c28cm(pb) aChoudhury's, Roy eAuthor aRathnakumar, S eEdited